000
00233nam a2200097Ia 4500
001
1004830
005
20250826230515.0
008
250824s9999 xx 000 0 und d
245
0
_a
KIZIL
_c
STEFAN ZWEIG
260
_b
İNDİGO YAYINLARI
999
_c
1004830
_d
1004830